Southville International School and Colleges
Your cart is empty.
  • Cart
  • Lists
    Public lists Eva Luna New books Lux_list list_1
    Your lists Log in to create your own lists
  • Log in to your account
  • Your cookies
  • Search history
Southville International School and Colleges
  • Advanced search
  • Recent comments
  • Most popular
  • Libraries

Log in to your account

Log in with GOOGLE


If you do not have an external account, but do have a local account, you can still log in:

  1. Home
  2. MARC view: The ultimate unauthorized Eragon guide :
Normal view MARC view ISBD view

The ultimate unauthorized Eragon guide : (Record no. 288611)

[ view plain ]
MARC details
000 -LEADER
fixed length control field 01621cam a2200361 a 4500
001 - CONTROL NUMBER
control field 14217796
003 - CONTROL NUMBER IDENTIFIER
control field PILC
005 - DATE AND TIME OF LATEST TRANSACTION
control field 20150907065859.0
008 - FIXED-LENGTH DATA ELEMENTS--GENERAL INFORMATION
fixed length control field 060103s2006 nyu j bf 000 0 eng
010 ## - LIBRARY OF CONGRESS CONTROL NUMBER
LC control number 2006040045
020 ## - INTERNATIONAL STANDARD BOOK NUMBER
International Standard Book Number 0312357923
020 ## - INTERNATIONAL STANDARD BOOK NUMBER
International Standard Book Number 9780312357924
035 ## - SYSTEM CONTROL NUMBER
System control number (OCoLC)ocm62878726
040 ## - CATALOGING SOURCE
Original cataloging agency DLC
Transcribing agency DLC
Modifying agency IG#
-- BAKER
-- VPL
-- BTCTA
-- DLC
043 ## - GEOGRAPHIC AREA CODE
Geographic area code n-us---
050 00 - LIBRARY OF CONGRESS CALL NUMBER
Classification number PS 3616.A55
Item number .G831 2006
082 00 - DEWEY DECIMAL CLASSIFICATION NUMBER
Classification number 813/.6
100 1# - MAIN ENTRY--PERSONAL NAME
Personal name Gresh, Lois H.
245 14 - TITLE STATEMENT
Title The ultimate unauthorized Eragon guide :
Remainder of title the hidden facts behind the world of Alagaësia /
Statement of responsibility, etc Lois Gresh.
250 ## - EDITION STATEMENT
Edition statement 1st edition.
260 ## - PUBLICATION, DISTRIBUTION, ETC. (IMPRINT)
Place of publication, distribution, etc New York :
Name of publisher, distributor, etc St. Martin's Griffin,
Date of publication, distribution, etc 2006.
300 ## - PHYSICAL DESCRIPTION
Extent vi, 166 pages ;
Dimensions 19 cm.
500 ## - GENERAL NOTE
General note Includes bibliographical references.
600 10 - SUBJECT ADDED ENTRY--PERSONAL NAME
Personal name Paolini, Christopher.
Title of a work Inheritance
Form subdivision Handbooks, manuals, etc.
-- Juvenile literature.
650 #0 - SUBJECT ADDED ENTRY--TOPICAL TERM
Topical term or geographic name as entry element Fantasy fiction, American
Form subdivision Handbooks, manuals, etc.
-- Juvenile literature.
650 #0 - SUBJECT ADDED ENTRY--TOPICAL TERM
Topical term or geographic name as entry element Dragons in literature
Form subdivision Handbooks, manuals, etc.
-- Juvenile literature.
856 42 - ELECTRONIC LOCATION AND ACCESS
Materials specified Publisher description
Uniform Resource Identifier <a href="http://www.loc.gov/catdir/enhancements/fy0667/2006040045-d.html">http://www.loc.gov/catdir/enhancements/fy0667/2006040045-d.html</a>
856 41 - ELECTRONIC LOCATION AND ACCESS
Materials specified Sample text
Uniform Resource Identifier <a href="http://www.loc.gov/catdir/enhancements/fy0714/2006040045-s.html">http://www.loc.gov/catdir/enhancements/fy0714/2006040045-s.html</a>
856 42 - ELECTRONIC LOCATION AND ACCESS
Materials specified Contributor biographical information
Uniform Resource Identifier <a href="http://www.loc.gov/catdir/enhancements/fy1207/2006040045-b.html">http://www.loc.gov/catdir/enhancements/fy1207/2006040045-b.html</a>
906 ## - LOCAL DATA ELEMENT F, LDF (RLIN)
a 7
b cbc
c orignew
d 1
e ocip
f 20
g y-gencatlg
942 ## - ADDED ENTRY ELEMENTS (KOHA)
Source of classification or shelving scheme Library of Congress Classification
Koha item type Books
Holdings
Withdrawn status Lost status Source of classification or shelving scheme Damaged status Home library Current library Shelving location Date acquired Source of acquisition Sub Shelving location Total Checkouts Full call number Barcode Date last seen Price effective from Koha item type
    Library of Congress Classification   College Library College Library Fiction Section 09/07/2015 Donation     PS 3616.A55 .G831 2006 C19920 05/15/2018 09/07/2015 Books

The ultimate unauthorized Eragon guide :

APA

Gresh L. H., . (2006). The ultimate unauthorized Eragon guide. New York: St. Martin's Griffin.

Chicago

Gresh Lois H, . 2006. The ultimate unauthorized Eragon guide. New York: St. Martin's Griffin.

Harvard

Gresh L. H., . (2006). The ultimate unauthorized Eragon guide. New York: St. Martin's Griffin.

MLA

Gresh Lois H, . The ultimate unauthorized Eragon guide. New York: St. Martin's Griffin. 2006.

  • Place hold
  • Print
  • Cite
  • Add to your cart (remove)
  • Save record
    BIBTEX Dublin Core MARCXML MARC (non-Unicode/MARC-8) MARC (Unicode/UTF-8) MARC (Unicode/UTF-8, Standard) MODS (XML) RIS
  • More searches
    Search for this title in:
    Other Libraries (WorldCat) Other Databases (Google Scholar) Online Stores (Bookfinder.com) Open Library (openlibrary.org)

Exporting to Dublin Core...

SOUTHVILLE LIBRARY

Southville International School and Colleges Library

1281 Tropical Ave. Cor. Luxembourg St., BF Homes International, Las Pinas City

Tel. No. 8256374 / 252358 Loc. 117/146

Powered by Koha